|
|
|
|
| LEADER |
00755nam a22002537a 4500 |
| 003 |
OSt |
| 020 |
|
|
|a 9789332571204
|
| 082 |
|
|
|a 658
|b MUL/MA
|
| 100 |
|
|
|a Mullins, Laurie J
|
| 245 |
|
|
|a Management and organisational behaviour
|
| 250 |
|
|
|a 10
|
| 260 |
|
|
|a South Asia
|b Pearson Education
|c 2005
|
| 300 |
|
|
|a 814p.
|
| 534 |
|
|
|n 1985
|
| 546 |
|
|
|a English
|
| 650 |
|
|
|a Organisational Behaviour
|
| 650 |
|
|
|a Organisation Management
|
| 650 |
|
|
|a Process of Management
|
| 650 |
|
|
|a Work Motivation
|
| 650 |
|
|
|a Organisation Strategy
|
| 700 |
|
|
|a Christy, Gill
|
| 942 |
|
|
|2 ddc
|c BK
|
| 999 |
|
|
|c 155839
|d 155839
|
| 952 |
|
|
|0 0
|1 0
|2 ddc
|4 0
|6 658_000000000000000_MULMA
|7 0
|9 154884
|a KAUCLV
|b KAUCLV
|c GENERAL
|d 2017-06-24
|g 850.00
|o 658 MUL/MA
|p 227481
|r 2017-06-24
|y BK
|